00289nam a2200121Ia 4500008004100000100000900041245005000050260002600100300000700126650001000133942000700143999001700150190216s9999||||xx |||||||||||||| ||und|| aNull 0aHindi-Anuprayog Hindi Vyakarana Thatha Anuvad bPublications Division a90 aHindi cBK c15862d15862